00564 a2200157 4500010001500000020001100015035001400026037001000040082002200050245011900072260003900191270012200230300002300352490000600375700002500381 aENG-144702 c200.00 aEN-128234 bDBAD 14a401.8022Volume 81 aTranslation today :cEdited By Awadesh Kumar Mishra, V. Saratchandran NairbNatioal Translation Mission /hEnglish aMysorebAwadesh Kumar Mishrac2014 aCentral Institute Of Indian Languages ,Manasagangotri, Hunsur Road bMysoree570006mAwadeshkumar@ciil.stpmy.soft.net a190 pc21 cm (Pbk) v81 aAwadesh Kumar Mishra